Boston Locations - Sudden Death - Statistics

General Stats
  • This quiz has been taken 71 times
  • The average score is 11 of 16
Answers on the Grid
Answers color-coded by a green-red scale on the quiz's grid according to % correct below.
Arches National Park
Bellagio Hotel and Casino
Bunker Hill Monument
Cedar Point
Charles River Esplanade
Churchill Downs
Coors Field
Dollywood
Faneuil Hall
Fenway Park
Franklin Park Zoo
Freedom Trail
Great Salt Lake
Harvard University
Knott's Berry Farm
Lake Pontchartrain Causeway
Lake Tahoe
Logan International Airport
Mackinac Bridge
Mapparium
Motown Museum
New England Aquarium
Paul Revere House
Quincy Market
Reunion Tower ('The Ball')
Rock and Roll Hall of Fame
Rose Kennedy Greenway
Samuel Adams Brewery
Ted Williams Tunnel
The White House
USS Constitution
Wrigley Mansion
 
Answer Stats
Answer % Correct
Fenway Park
86%
Harvard University
82%
Logan International Airport
81%
New England Aquarium
81%
Samuel Adams Brewery
81%
Bunker Hill Monument
79%
Rose Kennedy Greenway
79%
Quincy Market
77%
Paul Revere House
75%
Faneuil Hall
68%
Freedom Trail
65%
USS Constitution
65%
Charles River Esplanade
63%
Ted Williams Tunnel
61%
Franklin Park Zoo
60%
Mapparium
35%
No matching quizzes found
Score Distribution
Percent of People with Each Score
Percentile by Number Answered
Your Score History
You have not taken this quiz